00776cam a22002291 4500001001300000003000400013005001700017008004100034010001700075035002000092040001900112042001200131050002200143060002400165100003100189245012900220260002900349300002500378500001600403500011000419999001700529med48000304 DLC20260227111609.0810622s1947 xx ac 000 0 eng  amed48000304  a(OCoLC)14645709 aDLCcDNLMdDLC apremarc00aBF1141b.L65 19470 aBF 1141bL861h 19471 aLonk, Adolph Frank,d1897-15a"The original" complete seventy-two part manual of hypnotism and psycho-therapeutics,band also mysteries of time and space. a[Palatine, Ill.]cc1947. a135 p.bill., ports. aRev. 3d ed. aOriginally published under title: How to hypnotize, the Lonk course in hypnotism and psycho-therapeutics. c38881d38881